| 000 | 00752nam a2200229 a 4500 | ||
|---|---|---|---|
| 005 | 20240919064245.0 | ||
| 008 | 991125s1977 new 000 0 eng u | ||
| 020 | _a0122035607 | ||
| 035 | _aUPN01000014943 | ||
| 049 | _aCG | ||
| 050 | 4 |
_aBF712 _bL55 |
|
| 111 | 2 |
_aLife-Span Development Psychology Conference _n(5° : _d1976 : _cVirginia, E.U.A.) |
|
| 245 | 1 | 0 |
_aDialectical perspectives on experimental research / _cNancy Datan and Hayne W. Reese. |
| 260 |
_aNew York : _bAcademic, _c1977. |
||
| 300 | _a367 p. | ||
| 650 | 7 |
_aDialéctica _2 _915182 |
|
| 650 | 2 |
_aInvestigacion psicológica _915795 |
|
| 650 | 4 |
_aPSICOLOGIA EXPERIMENTAL - _vCONGRESOS |
|
| 700 | 1 |
_aDatan, Nancy, _eed. |
|
| 700 | 1 |
_aReese, Hayne Waring, _d1931-, _eed. |
|
| 905 | _aLibro | ||
| 999 |
_c14943 _d14943 |
||